Pramene k vojenským dejinám Slovenska II/2 1649-1711

Bibliographic Details
Main Authors: Segeš, Vladimír, 1950- (Author, Editor), Šeďová, Božena, 1959- (Author, Editor)
Format: Book
Language:Slovak
PhysicalDescription:255 strán faksimile, fotografie, portréty 25 cm
Published: V Bratislave Vojenský historický ústav 2017
ISBN:9788089523450
Series:Pramene k vojenským dejinám Slovenska
Subjects:

MARC

LEADER 00000cam a2200000 4500
001 vtls011738866
003 SK-MaSNL
005 20260425223816.0
008 200316s2017 xo hoc frn 000 0dslo
015 |a SNBA2018/05 
020 |a 9788089523450  |q (brožované) 
035 |a urn:nbn:sk:snk-am00dgn5 
035 |a urn:nbn:sk:snk-am3i1n4 
035 |a 56E198BE-DE35-4437-BD53-FD0AD7B31D46 
040 |a SNK  |b slo  |c SNK  |e rda 
041 0 |a slo 
043 |a e-xo--- 
044 |a xo  |c SK 
072 7 |a 94(437.6)  |x Dejiny Slovenska  |2 konspekt 
080 |a 355/359  |2 2011 
080 |a 355.4(091)  |2 2001 
080 |a (437.6)  |2 2011 
080 |a (093)  |2 2011 
080 |a 930:355/359  |2 2011 
100 1 |a Segeš, Vladimír,  |d 1950-  |4 aut  |4 edt  |9 97496 
245 1 0 |a Pramene k vojenským dejinám Slovenska  |n II/2  |p 1649-1711  |c Vladimír Segeš, Božena Šeďová 
264 1 |a V Bratislave  |b Vojenský historický ústav  |c 2017 
300 |a 255 strán  |b faksimile, fotografie, portréty  |c 25 cm 
336 |a text  |b txt  |2 rdacontent 
337 |a bez média  |b n  |2 rdamedia 
338 |a zväzok  |b nc  |2 rdacarrier 
490 1 |a Pramene k vojenským dejinám Slovenska 
504 |a Bibliografia na strane 232-236 ; bibliografické odkazy ; chronologický prehľad ; prehľad vládcov, najvyšších uhorských hodnostárov a pápežov ; registre 
648 7 |a 1649-1711  |2 SNKPH  |9 351021 
648 7 |a 17.-18. storočie  |2 SNKPH  |9 291315 
648 7 |a 17th-18th centuries  |2 SNKPHeng  |9 302907 
650 0 7 |a vojenstvo  |2 SNKPH  |9 22591 
650 0 7 |a vojenské dejiny  |2 SNKPH  |9 70411 
650 0 7 |a vojenská historiografia  |2 SNKPH  |9 74711 
650 0 7 |a Military science  |2 SNKPHeng  |9 270163 
650 0 7 |a Military history  |2 SNKPHeng  |9 267258 
650 0 7 |a Military historiography  |2 SNKPHeng  |9 347343 
651 7 |a Slovensko  |2 SNKPHgeo  |9 14231 
651 7 |a Slovakia  |2 SNKPHeng  |9 92630 
655 7 |a historické pramene  |2 SNKPH  |9 70616 
655 7 |a Historical sources  |2 SNKPHeng  |9 311563 
700 1 |a Šeďová, Božena,  |d 1959-  |4 aut  |4 edt  |9 179727 
752 |a Slovensko  |d Bratislava 
830 0 |a Pramene k vojenským dejinám Slovenska  |9 344235 
919 |a 978-80-89523-45-0 
958 |a NB 
999 |c 596141  |d 598071 
952 |a SNK  |b SNK  |y PREZ  |7 0  |p 17A1322931  |o snkSC 145510/2/2  |i snk2018/7091  |8 0  |0 0  |1 0  |4 0  |d 2018-03-23  |f 1  |l 0  |r 2025-07-14 00:00:00  |w 2026-02-23 
952 |a SNK  |b SNK  |y VYP  |7 0  |p 17A1322932  |o snkSC 145510/2/2 D1  |i snk2018/7092  |8 0  |0 0  |1 0  |4 0  |d 2018-03-23  |l 0  |r 2026-02-23 15:39:05  |w 2026-02-23